LEADER 00969nam a2200205 i 4500 001 000000249596 003 CaOOAMICUS 005 20160607000000.0 008 160607s1984 it u000 u ita u 013 $a228501 040 $aSeMil$bita 100 1 $aBeccaria, Cesare,$d<1738-1794>.$0(OLS)http://semarc/name/10695 245 10$aDei delitti e delle pene /$cCesare Beccaria ; a cura di Gianni Francioni con le ed. italiane del Dei delitti e delle pene di Luigi Firpo. 300 $a721 p., [6] c. di tav. :$bill., 1 ritr. 700 1 $aFrancioni, Gianni.$0(OLS)http://semarc/name/10696 773 0 $aBeccaria, Cesare <1738-1794>$tEdizione nazionale delle opere di Cesare Beccaria.$dMilano : Mediobanca, 1984.$g1$w()24111 850 $aSeMil 852 $aSeMil$W1$xVenegono$y1$m1A VI 24/1$j199942$B199942$CSeMilBibl$Z2$F211691 $81 961 $aOmaggio: Grampa dott. Cesare 996 $6245$aDei delitti e delle pene$9(OLS)http://semarc/title/351826 LEADER 00689nab a2200145 i 4500 001 000000305038 003 CaOOAMICUS 005 20180831172830.0 008 180831n it uu u0 0ita r 013 $a13058 040 $aSeMil$bita 245 10$aRendiconti della Società Italiana di Antropologia e Etnologia. - Rendiconti delle Adunanze 573.-575., febbraio-novembre 2005. 700 1 $aSocietà Italiana di Antropologia e Etnologia .$0(OLS)http://semarc/name/1710 773 0 $t[vedi periodico].$gp.[429]-432$w()264701 996 $6245$aRendiconti della Società Italiana di Antropologia e Etnologia. - Rendiconti delle Adunanze 573.-575., febbraio-novembre 2005.$9(OLS)http://semarc/title/380738